000 00585nam a2200193Ia 4500
005 20260114185619.0
008 008 260114s9999 xx 000 0 eng d
020 _a9781474256667
037 _aEBOOK
040 _aCRL
_beng
_cCRL
041 _aeng
_2eng
084 _qCRL
100 _aRebecca Shumway and Trevor R. Getz
_9872231
245 0 _aSlavery and its Legacy in Ghana and the Diaspora
260 _bBloomsbury
_c2017
856 _uhttps://doi.org/10.5040/9781474256667?locatt=label:secondary_bloomsburyCollections
942 _cEBOOK
999 _c1471179
_d1471179